Rǧimen del mercado de valores Tomo I

Detalles Bibliográficos
Autor principal: Varn̤ Palomino, Juan Carlos
Otros Autores: Abella Abondano, Germǹ Daro̕
Formato: eBook
Lenguaje:español
Publicado: Bogot:̀ Universidad de Los Andes (Colombia), 2017
Materias:
Acceso en línea:Acceso restringido

MARC

LEADER 00000nam a22000007a 4500
005 20190514004552.0
007 cr|||| ||||
008 190514s2017 co |||||s|||| 00||0 spa d
020 |a 978-958-35-1133-2 
035 |a 23367 
040 |a vLex 
090 |c 8689  |d 8689 
100 1 |a Varn̤ Palomino, Juan Carlos 
245 1 0 |a Rǧimen del mercado de valores  |h [Recurso electrn̤ico] /  |c Juan Carlos Varn̤ Palomino, Germǹ Daro̕ Abella Abondano  |n Tomo I 
256 |a Servicio en ln̕ea 
260 |a Bogot:̀  |b Universidad de Los Andes (Colombia),  |c 2017 
300 |a 1 recurso electrn̤ico 
500 |a La obra que el lector tiene en sus manos es el fruto de un esfuerzo colectivo de ms̀ de cuatro (4) aǫs, realizado por un equipo conformado por treinta y dos (32) abogados expertos en temas de Derecho del Mercado de Valores. Este proyecto acadm̌ico y editorial surgi ̤a mediados del aǫ 2010, en el seno de la Especializacin̤ en Legislacin̤ Financiera de la Universidad de los Andes, donde los docentes de los temas de mercado de valores, preocupados por la ausencia en la regin̤ latinoamericana de materiales de enseąnza integrales y comprensivos, en idioma espaǫl, sobre el rǧimen jurd̕ico del mercado de valores, concibieron una obra colectiva que contribuyera a llenar este vaco̕, y conformaron el grupo base que asumi ̤el desafo̕ de diseąrla, estructurarla, compilarla y hacerla realidad. Luego de un pero̕do inicial de reflexin̤ y discusin̤, se defini ̤el props̤ito y objetivo general de la obra: un texto de divulgacin̤ para dar a conocer las instituciones y los principios jurd̕icos que actualmente conforman el rǧimen de los mercados de valores, que son de interš pb︢lico. La presente obra est ̀dirigida al creciente pb︢lico interesado, conformado por los operadores del mercado de valores, sus reguladores y supervisores, los abogados practicantes, los docentes y estudiantes y, otros estudiosos de la materia. 
506 1 |a Disponible solo en los productos indicados  |d vLex Global  |d vLex Global (Academic Edition, excluding Law Schools)  |d vLex Global (U.S. Academic Edition, Law Schools)  |d vLex Global (U.S. Academic Edition, excluding Law Schools)  |d vLex Global (Academic Edition, Law Schools) 
650 0 4 |a Derecho Pb︢lico y Administrativo  |z Colombia 
700 1 |a Abella Abondano, Germǹ Daro̕ 
740 0 |a vLex Libros (Servicio en ln̕ea) 
856 4 0 |u http://vlex.com/source/regimen-del-mercado-de-valores-tomo-i-23367  |z Acceso restringido 
942 |c BOOK 
999 0 |a Public and Administrative Law